Actividades en la naturaleza

Guardat en:
Dades bibliogràfiques
Autors principals: Casterad Seral, Jaime (Autor), Guillén Correas, Roberto (Autor), Lapetra Costa, Susana (Autor)
Format: Llibre
Idioma:espanyol
Publicat: Barcelona INDE 2000
Edició:1a. ed
Col·lecció:Biblioteca Temática del Deporte
Matèries:
Etiquetes: Afegir etiqueta
Sense etiquetes, Sigues el primer a etiquetar aquest registre!

MARC

LEADER 00000cam a2200000 a 4500
001 UCC1612
003 CL-VaPUC
008 171117e20000000sp |||||||||||||||||spa|d
020 |a 9788495114365 
082 0 4 |a 796  |b CAS  |2 21 
100 0 |a Casterad Seral, Jaime  |e author  |9 595646 
700 0 |a Guillén Correas, Roberto  |e author  |9 595647 
700 0 |a Lapetra Costa, Susana  |e author  |9 595648 
245 1 0 |a Actividades en la naturaleza 
250 |a 1a. ed 
300 |a 104 p 
942 |c BK 
945 |d 20171117 16:06:00  |a dcastane 
260 |a Barcelona  |b INDE  |c 2000 
650 0 |a Educación física  |9 240893 
650 0 |a Actividades recreativas   |9 807627 
650 0 |a Actividades al aire libre  |9 548286 
583 |a last modification  |c 20171117 16:06:00  |k Rodrigo Vera 
490 0 |a Biblioteca Temática del Deporte 
999 |c 370023  |d 370021